000
00283nam a22001337a 4500
008
180924b xxu||||| |||| 00| 0 eng d
020
_a
9780393935523
041
_a
eng
080
_a
941
100
_a
18
101
_a
HIS
245
_a
Give me Liberty
_c
Foner, E
942
_2
udc
_c
BK
999
_c
48350
_d
48350